000 00664nam a2200205 i 4500
001 74429
003 ES-MaACL
005 20250816063131.0
007 t|
008 040920s1971 sp ||||1| spa d
100 1 _aGonzález Martín, Marcelo,
_d1918-2004
_9140601
245 1 3 _aLa figura del sacerdote, hoy
_b: el sacerdote y el sacrificio de Cristo /
_cpor Marcelo González Martín.
260 _aMadrid :
_bBruño,
_c[1971]
300 _a44 p. ;
_c17 cm.
490 1 _aApostolado Seglar ;
_v5
650 0 4 _aSacerdotes.
_916959
830 0 _aApostolado Seglar ;
_v5
_9183767
852 _aES-MaACL
_jC-43885
_bR.82760
999 _c74429
_d74429